[Event "Girona-ch"]
[Site "Barcelona"]
[Date "2001.11.25"]
[Round "8"]
[White "Padilla Mendez, J."]
[Black "Bou Janoher, Ernest"]
[Result "1/2-1/2"]
[WhiteElo "2005"]
[BlackElo "2020"]
[PlyCount "149"]
[EventDate "2001.10.07"]
[EventType "swiss"]
[EventRounds "9"]
[EventCountry "ESP"]
[SourceTitle "EXT 2008"]
[Source "ChessBase"]
[SourceDate "2007.11.25"]
[SourceVersion "1"]
[SourceVersionDate "2007.11.25"]
[SourceQuality "1"]

1. e4 c5 2. Nf3 d6 3. d4 cxd4 4. Nxd4 Nf6 5. Nc3 a6 6. Bg5 e6 7. Qd2 Be7 8. 0-0-0 Nbd7 9. f4 0-0 10. Be2 b5 11. Nc6 Qe8 12. Nxe7+ Qxe7 13. Qxd6 Qxd6 14. Rxd6 b4 15. Bxf6 Nxf6 16. Na4 Nxe4 17. Rd4 Bb7 18. Rxb4 Ra7 19. Bf3 f5 20. Rd1 Bd5 21. c4 a5 22. Rb6 Rc8 23. b3 Bxc4 24. bxc4 Rxc4+ 25. Kb2 Rxa4 26. Bxe4 Rxe4 27. Rd2 Rxf4 28. Rxe6 Kf7 29. Red6 Ke7 30. g3 Re4 31. Rd8 a4 32. a3 Kf6 33. h4 Re3 34. R8d6+ Ke7 35. R6d3 Rb7+ 36. Kc2 Re5 37. Rc3 Re4 38. Rdd3 g6 39. Re3 Rxe3 40. Rxe3+ Kf7 41. Rf3 Ke6 42. Re3+ Kd5 43. Rd3+ Ke4 44. Rc3 Ra7 45. Kd2 Ra6 46. Ke2 Kd4 47. Rd3+ Kc4 48. Kd2 h6 49. Rc3+ Kd4 50. Rd3+ Ke5 51. Re3+ Kf6 52. Rf3 Ra5 53. Kc3 Rb5 54. Kc4 Rb1 55. Rd3 Ke5 56. Re3+ Kd6 57. Rd3+ Kc6 58. Rf3 Kd6 59. Rd3+ Ke6 60. Re3+ Kf6 61. Rd3 g5 62. Rd6+ Kg7 63. hxg5 hxg5 64. Ra6 f4 65. gxf4 gxf4 66. Rxa4 f3 67. Kc5 f2 68. Rg4+ Kh6 69. Rf4 f1Q 70. Rxf1 Rxf1 71. a4 Kg6 72. a5 Kf6 73. a6 Ke5 74. a7 Rc1+ 75. Kb6 1/2-1/2

[Event "Girona-ch"]
[Site "Barcelona"]
[Date "2001.11.19"]
[Round "7"]
[White "Padilla Mendez, J."]
[Black "Vilanova Guardiola, Josep Maria"]
[Result "1/2-1/2"]
[WhiteElo "2005"]
[BlackElo "1955"]
[PlyCount "91"]
[EventDate "2001.10.07"]
[EventType "swiss"]
[EventRounds "9"]
[EventCountry "ESP"]
[SourceTitle "EXT 2008"]
[Source "ChessBase"]
[SourceDate "2007.11.25"]
[SourceVersion "1"]
[SourceVersionDate "2007.11.25"]
[SourceQuality "1"]

1. e4 c6 2. d4 d5 3. exd5 cxd5 4. c4 e6 5. Nc3 Nf6 6. Nf3 Nc6 7. c5 Ne4 8. Bb5 Nxc3 9. bxc3 Bd7 10. 0-0 Be7 11. Qc2 0-0 12. a4 Qc7 13. Re1 b6 14. cxb6 Qxb6 15. Bf4 a6 16. Bd3 h6 17. Reb1 Qa7 18. Rb2 Rfc8 19. Rab1 Na5 20. Rb6 Rc6 21. Bb8 Rxb8 22. Rxb8+ Rc8 23. R8b6 Bb5 24. R6xb5 axb5 25. axb5 Nc4 26. Bxc4 Rxc4 27. Ne5 Rc8 28. Nc6 Qb7 29. Ra1 Bf6 30. Qa4 g5 31. Kf1 Kg7 32. Qb4 Bd8 33. Ra7 Qb6 34. Nxd8 Qxd8 35. b6 Rb8 36. b7 Qc7 37. Qc5 Qf4 38. Ke2 Qe4+ 39. Kd2 Qf4+ 40. Ke2 Qe4+ 41. Kd1 Qd3+ 42. Ke1 Qb1+ 43. Kd2 Rxb7 44. Rxb7 Qxb7 45. Qb4 Qc7 46. g3 1/2-1/2

[Event "Girona-ch"]
[Site "Barcelona"]
[Date "2001.10.07"]
[Round "1"]
[White "Parramon Ros, Francesco"]
[Black "Padilla Mendez, J."]
[Result "1-0"]
[WhiteElo "2185"]
[BlackElo "2005"]
[PlyCount "88"]
[EventDate "2001.10.07"]
[EventType "swiss"]
[EventRounds "9"]
[EventCountry "ESP"]
[SourceTitle "EXT 2008"]
[Source "ChessBase"]
[SourceDate "2007.11.25"]
[SourceVersion "1"]
[SourceVersionDate "2007.11.25"]
[SourceQuality "1"]

1. d4 Nf6 2. c4 g6 3. Nc3 Bg7 4. e4 d6 5. Nf3 0-0 6. Be2 e5 7. 0-0 Nc6 8. d5 Ne7 9. Ne1 Nd7 10. f3 f5 11. g4 fxg4 12. fxg4 Rxf1+ 13. Kxf1 a5 14. Be3 b6 15. g5 Nc5 16. Bg4 Bd7 17. Kg2 Qc8 18. Kg3 Bxg4 19. Qxg4 Qxg4+ 20. Kxg4 Rf8 21. Kg3 Rf7 22. Rd1 Kf8 23. Nc2 Ke8 24. Na1 Kd7 25. a3 Na6 26. Nc2 Nc5 27. b4 axb4 28. axb4 Nb3 29. Ne2 c5 30. dxc6+ Kxc6 31. Rb1 Nd4 32. Ncxd4+ exd4 33. Nxd4+ Bxd4 34. Bxd4 Nc8 35. Re1 Kc7 36. e5 dxe5 37. Bxe5+ Kd7 38. Rd1+ Kc6 39. h4 Re7 40. Kf4 Rf7+ 41. Ke4 Re7 42. Rd8 Na7 43. b5+ Nxb5 44. cxb5+ Kxb5 1-0